logo

Bir Sreshtho Munshi Abdur Rouf Library
Jhenaidah Cadet College

দাবা খেলার রীতি-নীতি / (Record no. 5052)

MARC details
000 -LEADER
fixed length control field 00621nam a2200205 a 4500
003 - CONTROL NUMBER IDENTIFIER
JCCL marc code BD-JhCC
005 - DATE AND TIME OF LATEST TRANSACTION
control field 20171207171632.0
008 - FIXED-LENGTH DATA ELEMENTS--GENERAL INFORMATION
fixed length control field 171207s1976 b ||||| |||| 00| 0 ben d
035 ## - SYSTEM CONTROL NUMBER
system control number (BD-JhCC)
040 ## - CATALOGING SOURCE
Original cataloging agency BD-JhCC
Modifying agency BD-JhCC
041 ## - LANGUAGE CODE
Language code of Book ben
082 ## - DEWEY DECIMAL CLASSIFICATION NUMBER
Classification number 794.1
Author mark and Year ISL 1976
100 ## - MAIN ENTRY--PERSONAL NAME
Personal name ইসলাম, সেরাজুল
245 ## - TITLE STATEMENT
Title দাবা খেলার রীতি-নীতি /
Statement of responsibility, etc সেরাজুল ইসলাম
260 ## - PUBLICATION, DISTRIBUTION, ETC. (IMPRINT)
Place of publication, distribution, etc ঢাকা :
Name of publisher, distributor, etc বাংলাদেশ বুকস,
Date of publication, distribution, etc ১৯৭৬
300 ## - PHYSICAL DESCRIPTION
Pagination 136 p. :
Dimensions 22cm.
650 ## - SUBJECT ADDED ENTRY--TOPICAL TERM
Topical term or geographic name as entry element Chess
942 ## - ADDED ENTRY ELEMENTS (KOHA)
Source of classification or shelving scheme Dewey Decimal Classification
Koha item type Books
Holdings
Source of classification or shelving scheme Damaged status Not for loan Home library Current library Shelving location Cost, normal purchase price Total Checkouts Full call number Barcode Date last seen Copy number Koha item type Date of accession Date checked out
Dewey Decimal Classification     JCC Rouf Library JCC Rouf Library General Stacks 15.00   794.1 ISL 1976 6269 12/07/2017 C-1 Books    
Dewey Decimal Classification     JCC Rouf Library JCC Rouf Library General Stacks 15.00   794.1 ISL 1976 13451 04/04/2018 C-2 Books 04/04/2018  
Dewey Decimal Classification     JCC Rouf Library JCC Rouf Library General Stacks 15.00   794.1 ISL 1976 12800 04/04/2018 C-3 Books 04/04/2018  
Dewey Decimal Classification     JCC Rouf Library JCC Rouf Library General Stacks 15.00 2 794.1 ISL 1976 12799 02/08/2024 C-4 Books 04/04/2018 02/05/2024

JCC Library | Contacts | JCC Home

Last Update on 23 September 2017
Copyright @ 2017-2020 JCC Rouf Library
Rouf Library, Jhenidah Cadet College (JCC), Bangladesh